00733nam a2200229 i 450000100060000000300090000600500170001500700030003200800410003502000180007608000170009408000260011110000410013724500450017826000340022330000210025749000230027883000310030185200320033299900170036495201220038182214ES-MaACL20260507121455.0t|041201s1996 sp ||||1| spa d a84-339-1463-4 a86-311.1"19" a86(Marías,J.7 C.01) aMarías, Javier,d1951-2022923920610aCorazón tan blanco /cJavier Marías. aBarcelona :bAnagrama,c1996. a301 p. ;c22 cm.1 aCompactos Anagrama0 aCompactos Anagrama9180205 aES-MaACLjE-10536bR.134674 c82214d82214 00104070aATENEOMbATENEOMcDEPO2d2008-01-17eSCl0oE-10536p1085926r2023-02-23 00:00:00w2023-02-23yMONOGRAFIA